Salta al contenuto

Материалы XXI Всероссийской (54-й «Всесоюзной») научной студенческой конференции «Актуальные вопросы хирургии, анестезиологии и реаниматологии детского возраста», Российского симпозиума детских хирургов «Сосудистые аномалии»

В сборнике представлены материалы XXI Всероссийской (54-й «Всесоюзной») научной студенческой конференции «Актуальные вопросы хирургии, анестезиологии и реаниматологии детского возраста», Российского симпозиума детских хирургов «Сосудистые аномалии»....

Descrizione completa

Salvato in:
Dettagli Bibliografici
Natura: Книга
Lingua:Russian
Pubblicazione: Челябинск ЮУГМУ 2014
Accesso online:https://e.lanbook.com/book/197337
https://e.lanbook.com/img/cover/book/197337.jpg
Tags: Aggiungi Tag
Nessun Tag, puoi essere il primo ad aggiungerne! !
LEADER 01697nam0a2200253 i 4500
001 197337
003 RuSpLAN
005 20221220174141.0
008 221220s2014 ru gs 000 0 rus
020 |a 978-5-94507-204-6 
040 |a RuSpLAN 
041 0 |a rus 
044 |a ru 
080 |a 617-053+617-053-089+616-036.88-053](063) 
084 |a 54.5+53.5  |2 rubbk 
245 0 0 |a Материалы XXI Всероссийской (54-й «Всесоюзной») научной студенческой конференции «Актуальные вопросы хирургии, анестезиологии и реаниматологии детского возраста», Российского симпозиума детских хирургов «Сосудистые аномалии» 
260 |a Челябинск  |b ЮУГМУ  |c 2014 
300 |a 142 с. 
504 |a Библиогр.: доступна в карточке книги, на сайте ЭБС Лань 
520 8 |a В сборнике представлены материалы XXI Всероссийской (54-й «Всесоюзной») научной студенческой конференции «Актуальные вопросы хирургии, анестезиологии и реаниматологии детского возраста», Российского симпозиума детских хирургов «Сосудистые аномалии». 
521 8 |a Книга из коллекции ЮУГМУ - Медицина 
856 4 |u https://e.lanbook.com/book/197337 
856 4 8 |u https://e.lanbook.com/img/cover/book/197337.jpg 
953 |a https://e.lanbook.com/img/cover/book/197337.jpg